000 00736cab a2200253 4500
001 WB3131-68
008 090401t1995 xxu||||| |||| 00| 0 eng d
035 _a(Sirsi) u51971
041 _aeng
245 _aSide-effects of the privity act
260 _c1995
350 _a0
490 _aEstates Times
_v(1290) 11 August 1995, 6(2)
520 _aDiscusses unexpected side-effects of the Landlord and Tenant (Covenants) Act 1995.
650 _aCONTRACTING OUT
650 _aCOVENANTS
650 _aEXCLUDED ASSIGNMENTS
650 _aLANDLORD AND TENANT (COVENANTS) ACT 1995
650 _aLEASES
650 _aMANAGEMENT COMPANIES
690 _aLANDLORD AND TENANT-LEASEHOLD REFORM
942 _n0
948 _c04/03/1997
999 _c32240
_d32240